1414 1222 1784 1704 1643 1413 1380 1453 1372 1925 1934 1523 1308 1048 1112 1310 1115 1391 1581 1950 1674 1647 1786 1893 1469 1773 1212 1179 1818 1793 1789 1456 1637 1803 1942 1441 1116 1669 1188 1060 1378 1060 1129 1111 1467 1877 1007 1160 1180 1863 1717 1737 1392 1735 1967 1238 1629 1935 1538 1706 1949 1261 1916 1602 1384 1217 1768 1934 1359 1740 1464 1670 1276 1852 1649 1819 1139 1555 1501 1151 1620 1986 1323 1547 1588 1009 1264 1145 1283 1354 1554 1530 1253 1750 1241 1639 1270 1248 1544 BCNSPRNW ULIB Ver.6.0+V

เปลี่ยนเป็นภาษาไทย

Change to English
 แสดงรายละเอียดบรรณานุกรม
  กลับหน้าหลัก

Brief Record : Get Marc (ISO 2709) : E-mail record : QR code < ปิดหน้าต่าง
LEADER : 00000nam 2200000uu 4500
001    13399127032
003     ULIB
008    020711s2558 th a 000 0 tha d
020    ^a9786163920003
060    ^aWS103^bก344ล
110 1  ^aกองบรรณาธิการสำนักพิมพ์โลกหนังสือ
245    ^aลูกเป็ดขี้เหร่ (THE UGLY DUCKLING) ชุดหนูอ่าน นเองได้ (สองภาษา ไทย-อังกฤษ)
250    ^aพิมพ์ครั้งที่ 1
260    ^aกรุงเทพฯ :^bบริษัทสำนักพิมพ์โลกหนังสือ จำกัด,^c2558
300    ^a10 หน้า;^b21 ซม.
650    ^aเด็ก^xการเรียนการสอน
945    ^p50^l0^i006220
999    ^aประนอม เกษจรัล
รายการนี้ยังไม่มีแท็ก
คุณยังไม่ได้ล็อกอิน คุณสามารถมีกิจกรรมร่วมกับเว็บไซต์ได้ แต่ต้องล็อกอินก่อน ::
  ล็อกอิน

รายการสื่อสารสนเทศ

ลำดับที่ ประเภท เลขเรียก/บาร์โค้ด สถานที่ สถานะ
1. วิทยาศาสตร์การแพทย์ และสุขภาพ
วิทยาศาสตร์การแพทย์ และสุขภาพ
WS103 ก344ล ฉ.1 
  Barcode: 006220
ห้องสมุดวิทยาเขตสวรรค์ประชารักษ์
►หนังสือทั่วไป
ถูกยืม กำหนดส่งวันที่ 24 เมษายน 2568
  จอง

BibComment


ยังไม่เคยถูกคอมเมนท์

คอมเมนท์ทรัพยากรรายการนี้
  คอมเมนท์: ลูกเป็ดขี้เหร่ T..


 Copyright 2026. Bcnsprnw @Library